| 000 | 00360nam a2200133 a 4500 | ||
|---|---|---|---|
| 005 | 20140513081057.0 | ||
| 008 | 071022s19uu xx 00 eng d | ||
| 050 |
_aVCD _bBu917 2008 |
||
| 245 |
_aBuzby : _bthe misbehaving bee. |
||
| 260 |
_aPhilippines: _bHeartshaper, _c2008. |
||
| 440 | _aHermie and friends | ||
| 650 | _aMisbehaving-fiction. | ||
| 999 |
_c116589 _d116589 |
||